000 01414nam0a2200325 4500
001 RU\NLR\BIBL_A\010359045
005 20260503061201.0
010 _a5-87852-049-4
_910000
035 _a(NLR Aleph) 010359045
090 _a10772998
_c10772998
100 _a20140520d1997 |||y0rusy50 ca
101 0 _arus
102 _aRU
105 _ay|||j|||000yy
200 1 _aВалеология в школе и дома
_e(о физическом благополучии школьников)
_e[учебное пособие]
_fС.В. Попов
210 _aСанкт-Петербург
_cСОЮЗ
_d1997
215 _a253, [1] с.
_d20
300 _aНа обороте тит. л. авт.: к.б.н., доц.
517 1 _aо физическом благополучии школьников
606 1 _aШкольники
_xГигиена
_9913990
_3RU\NLR\AUTH\6614700
606 1 _aШкольники
_xБолезни
_xПрофилактика
_92184676
_3RU\NLR\AUTH\6601549895
606 1 _aВалеология в школе
_91220842
_3RU\NLR\AUTH\66178477
686 1 _aР128.94-3
686 1 _aР733-8
686 1 _aЧ421.354
700 1 _aПопов
_bС. В.
_cканд. биол. наук
_gСергей Всеволодович
_9133771
_3RU\NLR\AUTH\770133805
942 _cBOOK
980 _aNB